000 00824nam a2200241Ia 4500
001 21871
005 20260320113320.0
008 260320s9999||||xx |||||||||||||| ||und||
041 _aESP
082 _a985.612
_bM26
100 _aMartorell, Alberto,
_eAUT
245 0 _aMachu Picchu : patrimonio cultural en peligro
_b
246 _a
_5
_b
260 _aLima :
_bEditorial Malze,
_c2000
300 _a149 páginas :
_bfotografías, cuadros ;
_c21 cm.
_e
440 _a
_n
_v
650 _aHIS
653 _aSantuario Histórico de Machu Picchu (Cuzco) - Perú - Historia; Monumentos arqueológicos - Cuzco (Perú); Patrimonio cultural
654 _aCHU
700 _a
_c
856 _uhttps://research-ebsco-com.ucsp.lookproxy.com/c/qxo6us/search
_zVéase además: Base de datos EBSCOhost
942 _cLIB
_dJUS
_fMAT
_2ddc
_n
999 _c21871
_d21871